Southville International School and Colleges
Your cart is empty.
  • Cart
  • Lists
    Public lists Eva Luna New books Lux_list list_1
    Your lists Log in to create your own lists
  • Log in to your account
  • Your cookies
  • Search history
Southville International School and Colleges
  • Advanced search
  • Recent comments
  • Most popular
  • Libraries

Log in to your account

Log in with GOOGLE


If you do not have an external account, but do have a local account, you can still log in:

  1. Home
  2. MARC view: Communication skills in English :
Normal view MARC view ISBD view

Communication skills in English : (Record no. 293494)

[ view plain ]
MARC details
000 -LEADER
fixed length control field 00857nam a2200253Ia 4500
008 - FIXED-LENGTH DATA ELEMENTS--GENERAL INFORMATION
fixed length control field 160418s9999 xx 000 0 und d
020 ## - INTERNATIONAL STANDARD BOOK NUMBER
International Standard Book Number 971-08-0588-6
050 ## - LIBRARY OF CONGRESS CALL NUMBER
Classification number FIL PE 1130.5
050 ## - LIBRARY OF CONGRESS CALL NUMBER
Item number .P5C66 2006 c.1
245 ## - TITLE STATEMENT
Title Communication skills in English :
245 ## - TITLE STATEMENT
Remainder of title part 1 /
245 ## - TITLE STATEMENT
Statement of responsibility, etc Zenaida A. Olonan.. [et al]
260 ## - PUBLICATION, DISTRIBUTION, ETC. (IMPRINT)
Place of publication, distribution, etc Mandaluyong:
260 ## - PUBLICATION, DISTRIBUTION, ETC. (IMPRINT)
Name of publisher, distributor, etc National Books Store,
260 ## - PUBLICATION, DISTRIBUTION, ETC. (IMPRINT)
Date of publication, distribution, etc 2006
300 ## - PHYSICAL DESCRIPTION
Extent 167 pages :
300 ## - PHYSICAL DESCRIPTION
Other physical details illustrations ;
300 ## - PHYSICAL DESCRIPTION
Dimensions 22 cm.
500 ## - GENERAL NOTE
General note Includes bibliographical references.
650 ## - SUBJECT ADDED ENTRY--TOPICAL TERM
Topical term or geographic name as entry element English language -- Business English -- Problems, exercises, etc.
650 ## - SUBJECT ADDED ENTRY--TOPICAL TERM
Topical term or geographic name as entry element English language -- Study and teaching (Higher).
650 ## - SUBJECT ADDED ENTRY--TOPICAL TERM
General subdivision English language -- Technical English -- Problems, exercises, etc.
650 ## - SUBJECT ADDED ENTRY--TOPICAL TERM
General subdivision English language -- Textbooks for foreign speakers -- Filipino.
Holdings
Withdrawn status Lost status Damaged status Home library Current library Shelving location Date acquired Total Checkouts Full call number Barcode Date last seen Price effective from Koha item type
      South Mansfield College South Mansfield College Filipiniana Section 01/10/2008   FIL PE 1130.5 .P5C66 2006 c.1 SMC04123 04/18/2016 04/18/2016  

Communication skills in English :

APA

Communication skills in English. Mandaluyong: .

Chicago

Communication skills in English. Mandaluyong: .

Harvard

Communication skills in English. Mandaluyong: .

MLA

Mandaluyong: . .

  • Place hold
  • Print
  • Cite
  • Add to your cart (remove)
  • Save record
    BIBTEX Dublin Core MARCXML MARC (non-Unicode/MARC-8) MARC (Unicode/UTF-8) MARC (Unicode/UTF-8, Standard) MODS (XML) RIS
  • More searches
    Search for this title in:
    Other Libraries (WorldCat) Other Databases (Google Scholar) Online Stores (Bookfinder.com) Open Library (openlibrary.org)

Exporting to Dublin Core...

SOUTHVILLE LIBRARY

Southville International School and Colleges Library

1281 Tropical Ave. Cor. Luxembourg St., BF Homes International, Las Pinas City

Tel. No. 8256374 / 252358 Loc. 117/146

Powered by Koha